| 000 | 00000nam##2200000za#4500 |
| 001 | 9.612513 |
| 003 | CaOODSP |
| 005 | 20210615100814 |
| 007 | ta |
| 008 | 150406|1995||||xxc||||| f|0| 0 eng|d |
| 020 | |a0-662-21720-9 |
| 022 | |a1200-5223 |
| 040 | |aCaOODSP|beng |
| 043 | |an-cn--- |
| 086 | 1 |aCS11-0019/76E |
| 245 | 00|aInnovation: the key to success in small firms / |cby John R. Baldwin. |
| 260 | |aOttawa - Ontario : |bStatistics Canada. |c1995. |
| 300 | |a29p. : |bgraphs, references, table ; |c28 cm. |
| 490 | 1 |aResearch paper series|x1200-5223|vNo. 76 |
| 500 | |a"This study examines the differences in strategies and activities pursued by a sample of more-successful and less-successful group of growing small-and medium-sized enterprises. Amongst other matters, it examines different functional strategies, the importance of management, human resource practices, marketing, financing, and the innovativeness of the firm."--Abstract. |
| 520 | 3 |aThis study examines the differences in strategies and activities pursued by a sample of more-successful and less-successful group of growing small-and medium-sized enterprises. Amongst other matters, it examines different functional strategies, the importance of management, human resource practices, marketing, financing, and the innovativeness of the firm.--Abstract |
| 563 | |aSoftcover |
| 590 | |a95-34|b1995-08-25 |
| 690 | 07|aSmall businesses|2gcpds |
| 710 | 2 |aStatistics Canada. |bAnalytical Studies Branch. |
| 720 | 1 |aBaldwin, John R. |
| 775 | 08|tL'innovation: la clé de la réussite des petites entreprises / |w(CaOODSP)9.623483 |
| 776 | 0#|tInnovation : |w(CaOODSP)9.574565 |
| 830 | #0|aResearch paper series,|x1200-5223|vNo. 76|w(CaOODSP)9.514463 |